000 00476nam a22001817a 4500
003 CEME
005 20210628201648.0
008 210212b xxu||||| |||| 00| 0 eng d
020 _a0-13-745373-6
040 _c.
082 _a550 HAM
100 _aHamblin, W.Kenneth Christiansen, Eric.H
_956232
245 _aEarth's dyanmic systems
260 _aNEW JERSEY
_bPRENTICE HALL
_c1998
300 _aXVII,740P
650 _aEARTH'S DYANMIC SYSTEMS
_956233
942 _cBK
_2ddc
999 _c566715
_d566715